| 000 | 00514nam a2200169 a 4500 | ||
|---|---|---|---|
| 005 | 20140311163005.0 | ||
| 008 | 041110s19uu xx 00 eng d | ||
| 020 | _a9971905159 | ||
| 050 |
_aHE 9719 _b.Sa27 1985 |
||
| 245 |
_aSatellite technology : _bthe communication equaliser / |
||
| 260 |
_aSingapore : _bAsian Mass Communication Research and Information Centre, _c1985. |
||
| 300 |
_a318 p. : _bill. ; _c23 cm. |
||
| 521 | _aMC | ||
| 650 | _aArtificial satellites. | ||
| 942 |
_cBK _2lcc _kFOR |
||
| 999 |
_c39305 _d39305 |
||